Comerciantes y campesinos indígenas guatemaltecos: b
En este capítulo se analizan estudios de caso de dos grupos sociales: comerciantes indígenas del altiplano occidental y campesinos de subsistencia del oriente de Guatemala, en el marco de la investigación Desigualdades de excedente en Centroamérica: tolerancia y ciudadanía social.
Saved in:
| Main Author: | |
|---|---|
| Other Authors: | , |
| Format: | Text |
| Subjects: | |
| Tags: |
Add Tag
No Tags, Be the first to tag this record!
|
MARC
| LEADER | 00000 a a2200000 04500 | ||
|---|---|---|---|
| 001 | 41734 | ||
| 003 | |||
| 040 | |||
| 100 | |a Arévalo, Marcel | ||
| 245 | |a Comerciantes y campesinos indígenas guatemaltecos: b |d os visiones ante la desigualdad / |c Marcel Arévalo ; Federico Estrada | ||
| 520 | |a En este capítulo se analizan estudios de caso de dos grupos sociales: comerciantes indígenas del altiplano occidental y campesinos de subsistencia del oriente de Guatemala, en el marco de la investigación Desigualdades de excedente en Centroamérica: tolerancia y ciudadanía social. | ||
| 590 | |a RRA/AGOSTO2011 | ||
| 650 | |a 1.DESIGUALDAD SOCIAL | ||
| 650 | |a 2.ESTUDIOS DE CASO | ||
| 650 | |a 3.POBLACION INDIGENA | ||
| 650 | |a 4.GUATEMALA | ||
| 650 | |a 5.EXCLUSION SOCIAL | ||
| 700 | |a Quino, Vicente | ||
| 700 | |a Estrada, Federico | ||
| 773 | |g (2010), páginas 165-203 | ||
| 999 | |c 33986 |d 33986 | ||
